Akademi Militer Nasional Indonesia, tahun 1962. (Record no. 86415)

MARC details
000 -LEADER
fixed length control field 00537cam a22002051 4500
001 - CONTROL NUMBER
control field sa 68015394
003 - CONTROL NUMBER IDENTIFIER
control field DLC
005 - DATE AND TIME OF LATEST TRANSACTION
control field 20260227112643.0
008 - FIXED-LENGTH DATA ELEMENTS--GENERAL INFORMATION
fixed length control field 750421s1962 xx ac 000 0 ind
010 ## - LIBRARY OF CONGRESS CONTROL NUMBER
LC control number sa 68015394
035 ## - SYSTEM CONTROL NUMBER
System control number (OCoLC)1289263
040 ## - CATALOGING SOURCE
Original cataloging agency DLC
Transcribing agency CtY
Modifying agency WU
-- DLC
042 ## - AUTHENTICATION CODE
Authentication code premarc
050 00 - LIBRARY OF CONGRESS CALL NUMBER
Classification number U660.I5
Item number A65
110 2# - MAIN ENTRY--CORPORATE NAME
Corporate name or jurisdiction name as entry element Akademi Militer Nasional.
245 10 - TITLE STATEMENT
Title Akademi Militer Nasional Indonesia, tahun 1962.
260 ## - PUBLICATION, DISTRIBUTION, ETC.
Place of publication, distribution, etc. [n p.,
Date of publication, distribution, etc. 1962]
300 ## - PHYSICAL DESCRIPTION
Extent 43 p.
Other physical details illus., ports.
Dimensions 23 cm.
500 ## - GENERAL NOTE
General note "Buku AKMIL."

No items available.

Powered by Koha